000 00529nam a2200181Ia 4500
001 20962
005 20260306172844.0
008 260306t2019||||xx |||||||||||||| ||spa||
041 _aESP
082 _a343.811
_bA48
100 _aAlvarado Mairena, José
_eAUT
245 0 _aSistema nacional de presupuesto público, año fiscal 2019:
_bnuevo marco de la administración financiera del sector público
260 _c2019
300 _a1090 páginas :
_c24 cm.
650 _aGEN
654 _aCCO
942 _cLIB
_dJUS
_fJUS
_2ddc
_n
999 _c20962
_d20962